000 00836nam a22001577a 4500
999 _c515314
_d515314
008 210121b ||||| |||| 00| 0 eng d
100 _aAhuja, Anil.
_923633
245 _aOstracising the ghost of namka chu: Defending Kameng
260 _aU.S.I. Journal
300 _a150(621), Jul-Sep, 2020: p. 271-287
520 _aThis article briefly recapitulates the 1962 war operations in the Kameng Sector to bring out the suggested manner in which operations should be conducted against the People’s Liberation Army (PLA), should a need arise in the present time. Such a threat from the PLA is very real keeping in mind present tensions on the Line of Actual Control (LAC).- Reproduced
650 _a1962 war, Kameng sector, Line of actual control (LAC)
_923634
773 _aU.S.I. Journal
906 _aDEFENCE
942 _cAR